Flagi państw świata w 1925 roku - Statystyki

Ogólne statystyki
  • Ten quiz został rozwiązany 8 razy
  • Średni wynik to 63 z 89
Statystyki odpowiedzi
Obrazkowy Odpowiedź % Poprawnych
Argentyna
100%
Australia
100%
Belgia
100%
Boliwia
100%
Brazylia
100%
Carstwo Bułgarii
100%
Chile
100%
Dania
100%
Dominikana
100%
Ekwador
100%
Finlandia
100%
Francja
100%
Hiszpania
100%
Holandia
100%
Honduras
100%
II Rzeczypospolita Polska
100%
I Republika Czechosłowacka
100%
I Republika Kuby
100%
Kanada
100%
Kolumbia
100%
Kostaryka
100%
Królestwo Islandii
100%
Królestwo Rumunii
100%
Królestwo Węgier
100%
Królestwo Włoch
100%
Księstwo Albanii
100%
Liban
100%
Luksemburg
100%
Meksyk
100%
Monako
100%
Nepal
100%
Nikaragua
100%
Nowa Zelandia
100%
Panama
100%
Paragwaj
100%
Portugalia
100%
Republika Weimarska
100%
San Marino
100%
Stany Zjednoczone
100%
Szwajcaria
100%
Szwecja
100%
Turcja
100%
Urugwaj
100%
Wenezuela
100%
Wielka Brytania
100%
Wolne Miasto Gdańsk
100%
Wolne Państwo Irlandii
100%
Związek Socjalistycznych Republik Radzieckich
100%
Cesarstwo Wielkiej Japonii
80%
Gwatemala
80%
II Republika Grecka
80%
Królestwo SHS
80%
Liechtenstein
80%
Mongolska Republika Ludowa
80%
Norwegia
80%
Palestyna
80%
Tybet
80%
Cesarstwo Etiopii
60%
Cesarstwo Iranu
60%
Kamerun Brytyjski
60%
Królestwo Afganistanu
60%
Tuwińska Republika Ludowa
60%
Chiny
40%
Haiti
40%
Królestwo Egiptu
40%
Królestwo Jemenu
40%
Mandat Mezopotami
40%
Nowa Fundlandia
40%
Tanganika
40%
Afryka Południowo Zachodnia
20%
Andora
20%
Asir
20%
Bucharska Ludowa Republika Radziecka
20%
Hidżaz
20%
Syria
20%
Transjordania
20%
Związek Południowej Afryki
20%
Aleppo
0%
Chorezmijska Ludowa Republika Radziecka
0%
Damaszek
0%
Dżabal ad-Duruz
0%
Królestwo Sikkimu
0%
Mandat Południowego Pacyfiku
0%
Nadżd
0%
Państwo Alawitów
0%
Republika Rifu
0%
Ruanda-Urundi
0%
Togo Brytyjskie
0%
Togo Francuskie
0%
Nie znaleziono quizów pasujących do podanych kryteriów
Rozkład punktacji
Procent ludzi z każdym wynikiem
Percentyl według liczby udzielonych odpowiedzi
Twoja historia wyników
Nie rozwiązałeś tego quizu